Human resource management : gaining a competitive advantage /

As competitors strive to win the war for talent, effective human resource management is necessary to gain true competitive advantage in the marketplace. Three challenges companies face are sustainability, technology, and globalization. Human Resource Management 5th Edition brings these challenges to...

Descripción completa

Guardado en:
Detalles Bibliográficos
Otros Autores: Wright, Patrick M.
Formato: Libro
Publicado: Boston : McGraw-Hill, 2006.
Edición:5th ed.
Materias:
Etiquetas: Agregar Etiqueta
Sin Etiquetas, Sea el primero en etiquetar este registro!

MARC

LEADER 00000cam a22000004a 4500
005 20251005133600.0
020 |a 0072987383  |c TZS 80,000 /= 
040 |a MCCL  |b eng.  |e AACR 2nd rev.ed. 
082 0 0 |a 658.3 HUM 
245 0 0 |a Human resource management :  |b gaining a competitive advantage /  |c Raymond A. Noe...[at all]. 
250 |a 5th ed. 
260 |a Boston :  |b McGraw-Hill,  |c 2006. 
300 |a xxxiv, 749 p. :  |b  ill. ;  |c 26 cm. 
504 |a Includes bibliographical references and index. 
520 |a As competitors strive to win the war for talent, effective human resource management is necessary to gain true competitive advantage in the marketplace. Three challenges companies face are sustainability, technology, and globalization. Human Resource Management 5th Edition brings these challenges to life by highlighting real-world examples pertaining to these issues and relating it to the concepts within the chapter. This best-selling McGraw-Hill/Irwin Human Resource Management title provides students with the technical background needed to be a knowledgeable consumer of human resource (HR) products and services, to manage HR effectively, or to be a successful HR professional. While clearly strategic in nature, the text also emphasizes how managers can more effectively acquire, develop, compensate, and manage the internal and external environment that relates to the management of human resources. 
650 0 |a Personnel management 
650 0 |a Organizatin. 
700 1 |a Wright, Patrick M.  
942 |c BK 
999 |c 11897  |d 11897